000 00422nam a2200181Ia 4500
001 4108
005 20260306145731.0
008 260306t2006||||xx |||||||||||||| ||spa||
041 _aESP
082 _a306.85
_bH12 Nº 86
100 _aJuliá, Ernesto
_eAUT
245 0 _aAcercar los hijos a Dios
260 _c2006
300 _a233 páginas :
_c19 cm.
650 _aGEN
654 _aCED
942 _cLIB
_dJUS
_fJUS
_2ddc
_n
999 _c4108
_d4108